| 000 | 00667nam a2200205Ii 4500 | ||
|---|---|---|---|
| 003 | JO-AjNU | ||
| 008 | 230605s9999||||xx |||||||||||||| ||und|| | ||
| 017 | _a2008/9/3355 | ||
| 040 |
_aJO-AjNU _bara _erda _cJO-AjNU |
||
| 041 | _aara | ||
| 050 | 1 | 4 | _aQA76.3.A837 2009 |
| 100 | 3 |
_aاكاديمية الفبصل العالمية, _eauthor _929762 |
|
| 245 | 0 | 0 | _aاساسيات تكنولوجيا المعلومات |
| 264 | 3 | 1 | _aعمان:زمزم ، 2009 |
| 300 | _a358ص | ||
| 336 |
_atext _btxt _2rdacontent |
||
| 337 |
_aunmediated _bn _2rdamedia |
||
| 338 |
_avolume _bnc _2rdacarrier |
||
| 650 | 4 |
_aاساسيات تكنولوجيا المعلومات _929763 |
|
| 999 |
_aA11715 _c15283 _d15283 |
||